000
00314nam a2200121Ia 4500
008
150201s2010 xx 000 0 und d
082
_a
612
_b
H010P
100
_a
PATIL'S RAVIKUMAR
245
2
_a
A TB OF HUMAN PHYSIOLOGY
260
_b
I.K. INTERNATIONAL
_a
DELHI
_c
2010
650
_a
HUMAN PHYSIOLOGY
942
_2
ddc
_c
BK
_0
1
999
_c
834
_d
834